Konjunkturní situace hospodářství vyspělých zemí a její výhled

Rast hrubého domáceho produktu v krajinách OECD za 2. štvrťrok 1995. Zvýšenie priemyselnej výroby za sledované obdobie. Miera nezamestnanosti. Súkromná spotreba. Miera inflácie. Medzinárodný obchod. Medzinárodné finančné trhy. Prognóza hospodárskeho vývoja krajín OECD.

Enregistré dans:
Détails bibliographiques
Format: Chapitre de livre
Langue:tchèque
Sujets:
Tags: Ajouter un tag
Pas de tags, Soyez le premier à ajouter un tag!

MARC

LEADER 00000naa a2200000 4500
001 r019024
005 20221205102210.3
041 0 |a cze 
044 |a CZ 
245 1 0 |a Konjunkturní situace hospodářství vyspělých zemí a její výhled 
520 |a Rast hrubého domáceho produktu v krajinách OECD za 2. štvrťrok 1995. Zvýšenie priemyselnej výroby za sledované obdobie. Miera nezamestnanosti. Súkromná spotreba. Miera inflácie. Medzinárodný obchod. Medzinárodné finančné trhy. Prognóza hospodárskeho vývoja krajín OECD. 
610 2 0 |a rozvoj hospodársky 
610 2 0 |a apríl-jún 
610 2 0 |a 1995 
610 2 0 |a produkt domáci hrubý 
610 2 0 |a OECD 
610 2 0 |a výroba priemyselná 
610 2 0 |a miera nezamestnanosti 
610 2 0 |a miera inflácie 
610 2 0 |a spotreba 
610 2 0 |a obchod medzinárodný 
610 2 0 |a trh finančný 
610 2 0 |a prognózy hospodárske